LEADER 00802nam0-22002891i-450 001 990003759050403321 005 20220722103401.0 035 $a000375905 035 $aFED01000375905 035 $a(Aleph)000375905FED01 035 $a000375905 100 $a20001010d1978----km-y0itay50------ba 101 0 $aita 105 $ay-------001yy 200 1 $a<>origins of English individualism$fAlan Macfarlane 210 $aOxford$cB. Blackwell$d1978. 215 $a216 p.$d23 cm 300 $aAltra classificazione 13/140 MAC 700 1$aMacfarlane,$bAlan$0142722 801 0$aIT$bUNINA$gRICA$2UNIMARC 901 $aBK 912 $a990003759050403321 952 $aA / MAC 5$b2160$fBFS 959 $aBFS 996 $aOrigins of English individualism$9508852 997 $aUNINA DB $aING01